| 000 | 00781nam a22002297a 4500 | ||
|---|---|---|---|
| 999 |
_c5936 _d5936 |
||
| 003 | AR-CdUCM | ||
| 008 | 190313b ||||| |||| 00| 0 spa d | ||
| 040 |
_aMUNICIPALIDAD PROVINCIAL DEL CUSCO _cBIBLIOTECA MUNICIPAL DEL CUSCO |
||
| 082 |
_a331.09 / _bG91 |
||
| 100 |
_aGuardia Mayorga, César A _917194 |
||
| 245 | _aLa reforma agraria en el Perú / | ||
| 260 |
_aLima : _bEdic. Minka, _c1957. |
||
| 300 |
_a155 paginas ; _c17 cm. |
||
| 500 | _aDonación familia Nieto | ||
| 505 | _aContenido :Antecedentes históricos y planeamiento de la reforma agraria en el Perú --La reforma agraria principio y objetivos / | ||
| 650 |
_aReforma agraria _91861 |
||
| 650 |
_aAgricultura _9320 |
||
| 650 |
_aEstado _9738 |
||
| 650 |
_aPeru _9429 |
||
| 942 |
_2ddc _cLIBROS |
||
| 945 | _arjall | ||